Normal view
MARC view
Entry Meeting Name
001 - CONTROL NUMBER
- control field: 16529
003 - CONTROL NUMBER IDENTIFIER
- control field: OSt
005 - DATE AND TIME OF LATEST TRANSACTION
- control field: 20211105134040.0
008 - FIXED-LENGTH DATA ELEMENTS
- fixed length control field: 211105|| aca||aabn | a|a d
040 ## - CATALOGING SOURCE
- Original cataloging agency: OSt
- Transcribing agency: OSt
111 ## - HEADING--MEETING NAME
- Meeting name or jurisdiction name as entry element: ESO Workshop on Low Mass Star Formation and Pre-Main Sequence Objects
- Location of meeting: Garching, Germany
- Date of meeting or treaty signing: 1989 July 11-13
670 ## - SOURCE DATA FOUND
- Source citation: Work cat.: (OSt): ESO Workshop on Low Mass Star Formation and Pre-Main Sequence Objects Garching, Germany 1989 July 11-13, Low mass star formation and pre-main sequence objects, 1989